[Event "Dvorkovich Memorial op"]
[Site "Taganrog"]
[Date "2019.01.18"]
[Round "9"]
[White "Gerasimova, Viktoriya"]
[Black "Getman, Dmitriy"]
[Result "1/2-1/2"]
[WhiteElo "1506"]
[BlackElo "1798"]
[PlyCount "98"]
[EventDate "2019.01.10"]
[EventType "swiss"]
[EventRounds "9"]
[EventCountry "RUS"]
[SourceTitle "CBM 188 Extra"]
[Source "ChessBase"]
[SourceDate "2019.02.26"]
[SourceVersion "1"]
[SourceVersionDate "2019.02.26"]
[SourceQuality "1"]

1. e4 e6 2. d4 d5 3. exd5 exd5 4. Bd3 Nf6 5. c3 a6 6. Ne2 Bd6 7. Bf4 Bxf4 8. Nxf4 0-0 9. 0-0 Qd6 10. Nh5 Nbd7 11. Ng3 Nb6 12. Nd2 Re8 13. Nf3 Bg4 14. h3 Bh5 15. Nxh5 Nxh5 16. Ne5 Nf4 17. Qf3 f6 18. Qxf4 fxe5 19. dxe5 Rxe5 20. Qd2 Rf8 21. Rae1 Nd7 22. Re3 Rg5 23. f4 Rh5 24. Qf2 g5 25. Rf3 gxf4 26. Rxf4 Rxf4 27. Qxf4 Qxf4 28. Rxf4 Ne5 29. Bf5 c6 30. h4 b5 31. Kh2 Kg7 32. g3 Ng6 33. Rf2 Ne7 34. Be6 Re5 35. Rf7+ Kg6 36. Rxe7 Kf6 37. Rxh7 Re2+ 38. Kh3 Kxe6 39. Rh6+ Ke5 40. Rxc6 Rxb2 41. h5 Rxa2 42. h6 Ra1 43. Kg2 Ra2+ 44. Kf3 a5 45. Rb6 b4 46. cxb4 axb4 47. Rxb4 Rh2 48. Rb6 Kf5 49. Rb5 Ke5 1/2-1/2

[Event "Dvorkovich Memorial op"]
[Site "Taganrog"]
[Date "2018.01.21"]
[Round "7"]
[White "Tsoi, Dmitry"]
[Black "Getman, Dmitriy"]
[Result "1-0"]
[WhiteElo "2371"]
[BlackElo "1772"]
[PlyCount "85"]
[EventDate "2018.01.15"]
[EventType "swiss"]
[EventRounds "9"]
[EventCountry "RUS"]
[SourceTitle "CBM 182 Extra"]
[Source "ChessBase"]
[SourceDate "2018.02.23"]
[SourceVersion "1"]
[SourceVersionDate "2018.02.23"]
[SourceQuality "1"]

1. c4 c5 2. g3 Nc6 3. Bg2 g6 4. Nc3 Bg7 5. a3 a6 6. Rb1 e6 7. b4 cxb4 8. axb4 Nge7 9. Nf3 d5 10. cxd5 exd5 11. b5 axb5 12. Nxb5 Bf5 13. d3 0-0 14. 0-0 Ra2 15. Re1 Qa5 16. Bd2 Qd8 17. Qb3 Ra6 18. Rec1 Qd7 19. Bf4 Na5 20. Qd1 Rc8 21. Nfd4 Rxc1 22. Rxc1 Nac6 23. Nb3 Nb4 24. N5d4 Qa4 25. Ra1 Na2 26. Be3 Nc6 27. Bxd5 Nxd4 28. Nxd4 Qxd1+ 29. Rxd1 Nc3 30. Bxb7 Rb6 31. Ra1 h5 32. Nxf5 Rxb7 33. Nxg7 Nxe2+ 34. Kf1 Kxg7 35. Kxe2 Re7 36. Kf3 f6 37. Ra7 Rxa7 38. Bxa7 Kf7 39. Bd4 Ke6 40. h4 g5 41. hxg5 fxg5 42. g4 h4 43. Be3 1-0

[Event "Kislovodsk Narzan op"]
[Site "Kislovodsk"]
[Date "2015.08.05"]
[Round "4"]
[White "Esipenko, Aleksandr"]
[Black "Getman, Dmitriy"]
[Result "1/2-1/2"]
[WhiteElo "1723"]
[BlackElo "1626"]
[PlyCount "55"]
[EventDate "2015.08.01"]
[EventType "swiss"]
[EventRounds "9"]
[EventCountry "RUS"]
[SourceTitle "EXT 2016"]
[Source "ChessBase"]
[SourceDate "2015.10.08"]
[SourceVersion "1"]
[SourceVersionDate "2015.10.08"]
[SourceQuality "1"]

1. e4 e6 2. d4 d5 3. e5 c5 4. c3 Qb6 5. Nf3 Nc6 6. a3 a6 7. b4 cxd4 8. cxd4 Bd7 9. Be3 Nge7 10. Bd3 Nf5 11. 0-0 g6 12. Nbd2 Nxe3 13. fxe3 Bh6 14. Re1 Bg7 15. Nb3 f6 16. exf6 Bxf6 17. Nc5 Qc7 18. h3 0-0 19. Rc1 Qc8 20. Bb1 b6 21. Nb3 Qd8 22. Qd2 Bh4 23. Nxh4 Qxh4 24. Rf1 Qg3 25. Rxf8+ Rxf8 26. Rf1 Rxf1+ 27. Kxf1 Ne7 28. Bd3 1/2-1/2

[Event "Kislovodsk Narzan op"]
[Site "Kislovodsk"]
[Date "2015.08.04"]
[Round "2"]
[White "Karabashev, Sagit"]
[Black "Getman, Dmitriy"]
[Result "1/2-1/2"]
[WhiteElo "2065"]
[BlackElo "1626"]
[PlyCount "107"]
[EventDate "2015.08.01"]
[EventType "swiss"]
[EventRounds "9"]
[EventCountry "RUS"]
[SourceTitle "EXT 2016"]
[Source "ChessBase"]
[SourceDate "2015.10.08"]
[SourceVersion "1"]
[SourceVersionDate "2015.10.08"]
[SourceQuality "1"]

1. e4 e6 2. d4 d5 3. Nd2 dxe4 4. Nxe4 Nd7 5. Nf3 Ngf6 6. Nxf6+ Nxf6 7. Bd3 c5 8. dxc5 Bxc5 9. Bg5 0-0 10. Qe2 h6 11. h4 Qa5+ 12. Bd2 Qc7 13. 0-0-0 Ng4 14. Rhf1 Qb6 15. Be1 Bd7 16. Ne5 Nxe5 17. Qxe5 Bd4 18. Bh7+ Kxh7 19. Rxd4 Qb5 20. Qxb5 Bxb5 21. Rg1 Rfd8 22. Bc3 Rxd4 23. Bxd4 Rd8 24. Bxa7 Ra8 25. Bd4 Rxa2 26. b3 Ra8 27. c4 Bc6 28. Kb2 Rd8 29. Kc3 f6 30. f3 e5 31. Bb6 Re8 32. b4 Re6 33. Be3 e4 34. b5 Bd7 35. f4 Rd6 36. Bd4 Bg4 37. Re1 f5 38. c5 Rd8 39. Ra1 e3 40. Bxe3 Be2 41. Bd4 Bxb5 42. Re1 Re8 43. Be5 Bc6 44. Rg1 h5 45. Rd1 Re7 46. g3 Rd7 47. Bd6 Rd8 48. Kb4 Ra8 49. Re1 Ra4+ 50. Kb3 Re4 51. Rg1 Bd5+ 52. Kc3 Bc6 53. Be5 Re2 54. Bd4 1/2-1/2